000 00338nam a2200145Ia 4500
008 240830s1981 xx 000 0 und d
041 _aeng
082 _a0 S.P
100 _aS.P.KHARE
245 _aAOUSHDHI NORMAN
260 _bM.V.GRANTH MANDAL , NAGPUR
_c1981
650 _aRASA-SHASTRA
906 _aN.D.
999 _c1194310
_d1194310